| 000 | 00355 a2200133 4500 | ||
|---|---|---|---|
| 005 | 20250602113213.0 | ||
| 020 | _a9966-28-862-7 | ||
| 100 | _aSALEEMI, N. A | ||
| 245 | _aStore-keeping and Stock Control Simplified | ||
| 250 | _a2nd Ed. | ||
| 260 |
_aLagos _bSaleemi Publications LTD _c2007 |
||
| 300 |
_a276p.: ill; Figures, Tables. _c27cm |
||
| 942 |
_2ddc _cBKS |
||
| 999 |
_c3005 _d3005 |
||